[Event "TUR Cup"]
[Site "Denizli"]
[Date "2023.07.19"]
[Round "6"]
[White "Soy, Huseyin"]
[Black "Uysal, Kerem"]
[Result "1-0"]
[WhiteElo "1421"]
[BlackElo "1371"]
[PlyCount "71"]
[EventDate "2023.07.16"]
[EventType "team-tourn"]
[EventRounds "9"]
[EventCountry "TUR"]
[SourceTitle "CBM 215 Extra"]
[Source "ChessBase"]
[SourceDate "2023.09.30"]
[SourceVersion "1"]
[SourceVersionDate "2023.09.30"]
[SourceQuality "1"]

1. Nf3 e6 2. c4 c5 3. g3 b6 4. Bg2 Bb7 5. 0-0 d6 6. Nc3 Nd7 7. d4 cxd4 8. Qxd4 a6 9. Rd1 Ngf6 10. Bg5 Qc7 11. Rac1 Be7 12. e4 0-0 13. h3 Rac8 14. b3 Rfd8 15. Re1 h6 16. Bxf6 Bxf6 17. Qe3 Nc5 18. Nd2 Qd7 19. Qe2 Bxc3 20. Rxc3 d5 21. exd5 exd5 22. Re3 Ne6 23. cxd5 Nd4 24. Qd3 Nc2 25. Nc4 Nxe1 26. Rxe1 Qb5 27. Qf5 Qc5 28. Rd1 Rc6 29. Ne3 Rf6 30. Qg4 Bc8 31. Qe4 Bd7 32. Rf1 Bb5 33. Ng4 Rfd6 34. Rd1 Re8 35. Qf4 Be2 36. Rc1 1-0

[Event "TUR-ch Youth"]
[Site "Denizli"]
[Date "2022.05.28"]
[Round "7"]
[White "Soy, Huseyin"]
[Black "Acar, Erdogan"]
[Result "0-1"]
[WhiteElo "1357"]
[BlackElo "1615"]
[PlyCount "138"]
[EventDate "2022.05.24"]
[EventType "swiss"]
[EventRounds "9"]
[EventCountry "TUR"]
[SourceTitle "EXT 2023"]
[Source "ChessBase"]
[SourceDate "2022.10.05"]
[SourceVersion "1"]
[SourceVersionDate "2022.10.05"]
[SourceQuality "1"]

1. e4 c5 2. g3 Nc6 3. Bg2 g6 4. Ne2 Bg7 5. Nbc3 e6 6. 0-0 Nge7 7. d3 0-0 8. Be3 Nd4 9. Qd2 a6 10. Nd1 Qc7 11. c3 Nxe2+ 12. Qxe2 d5 13. f4 b6 14. e5 f5 15. d4 c4 16. Bh3 Bd7 17. Bd2 h5 18. Bg2 Kf7 19. Nf2 Bh6 20. Nh3 Rg8 21. Ng5+ Bxg5 22. fxg5 Kg7 23. Rf2 Rh8 24. Raf1 Ba4 25. Bf4 a5 26. h3 Bd7 27. g4 hxg4 28. hxg4 Rh4 29. gxf5 Nxf5 30. Rf3 Rah8 31. Kf2 b5 32. Ke1 b4 33. Qd2 Qb6 34. Qc1 Qb5 35. R3f2 Qa4 36. Bxd5 exd5 37. e6 Bxe6 38. Be5+ Kg8 39. Bxh8 Re4+ 40. Kd2 Kxh8 41. Re1 bxc3+ 42. Qxc3 Qb4 43. Rh1+ Kg7 44. Rfh2 Bg8 45. Kc1 Qxc3+ 46. bxc3 Ng3 47. Rd1 Re3 48. Kb2 Ne4 49. Rc1 Nxg5 50. Ka3 Ne4 51. Rhc2 g5 52. Ka4 g4 53. Kxa5 Be6 54. Kb6 Bd7 55. a4 Bxa4 56. Ra2 Bb3 57. Ra7+ Kg6 58. Rg1 g3 59. Rh1 Nf6 60. Kc5 Bc2 61. Ra8 Be4 62. Rha1 g2 63. R1a6 Kg5 64. Ra1 Rf3 65. Rg1 Rf1 66. Ra1 Rxa1 67. Rxa1 Kg4 68. Kd6 Kg3 69. Ke6 Ng4 0-1